Straight talk Gays, lesbians and bisexuals at work
Salvato in:
| Autore principale: | |
|---|---|
| Natura: | Libro |
| Lingua: | inglese |
| Pubblicazione: |
Svezia
Fritt Fram
2005
|
| Tags: |
Nessun Tag, puoi essere il primo ad aggiungerne!!
|
MARC
| LEADER | 00000nam a2200000 4500 | ||
|---|---|---|---|
| 005 | 20241120173030.0 | ||
| 008 | 241120b |||||||| |||| 00| 0 eng d | ||
| 020 | |a 9197345628 | ||
| 040 | |c GP | ||
| 100 | |a Svensson, Gunnar | ||
| 245 | |a Straight talk |b Gays, lesbians and bisexuals at work | ||
| 260 | |a Svezia |b Fritt Fram |c 2005 | ||
| 942 | |2 ddc |c BK |n 0 | ||
| 952 | |0 0 |1 0 |2 ddc |4 0 |6 306_766080000000000_SVE |7 1 |9 2193 |a RM |b RM |d 2024-11-20 |l 0 |o 306.76608 SVE |p 705 |r 2024-11-20 17:30:58 |w 2024-11-20 |y BK | ||
| 999 | |c 1934 |d 1934 | ||